000 00440nam a22001817a 4500
003 MPLRDC
005 20220104144326.0
008 210129b ||||| |||| 00| 0 eng d
020 _a7-5015-3676-7
082 _a417.51 WZX
100 _a王晨霞、窦嵘 著
245 _a宝宝健康看掌纹
_c
250 _a初版
260 _a
_b知识出版社
_c2002
300 _b
650 _a小儿科诊断
942 _cBK
_o417.51 WZX
999 _c48531
_d48521